Statistics for FIFA 23 TOTS

Click here to take the quiz!

General Stats

  • This quiz has been taken 208 times
    (162 since last reset)
  • The average score is 72 of 195

Answer Stats

TOTSratposclubguy% Correct
Premier League97CMManchester CityKevin De Bruyne
89%
Premier League97STManchester CityErling Haaland
86%
Community | Serie A89CBNapoliKim Min-Jae
82%
Ligue 197STParis Saint-GermainKylian Mbappé
80%
Premier League96CBManchester CityRúben Dias
80%
Premier League96RWLiverpoolMohamed Salah
79%
Premier League95STTottenham HotspurHarry Kane
78%
LaLiga97CFReal MadridKarim Benzema
78%
Ligue 198STParis Saint-GermainLionel Messi
77%
LaLiga97STBarcelonaRobert Lewandowski
77%
Community90GKManchester UnitedDavid De Gea
76%
Community93STArsenalGabriel Jesus
76%
Premier League95LWManchester UnitedMarcus Rashford
76%
Community93RWReal MadridRodrygo
76%
Bundesliga97CMBorussia DortmundJude Bellingham
75%
LaLiga97CMReal MadridLuka Modrić
75%
LaLiga95LWReal MadridVinícius Júnior
75%
Premier League94CDMManchester UnitedCasemiro
73%
LaLiga95CBReal MadridÉder Militão
72%
LaLiga94GKBarcelonaMarc-André ter Stegen
72%
Premier League SBC92GKLiverpoolAlisson
71%
Premier League93RWArsenalBukayo Saka
71%
Premier League90GKArsenalAaron Ramsdale
70%
Community92LBLiverpoolAndrew Robertson
70%
LaLiga94STAtlético MadridAntoine Griezmann
70%
Community95CMManchester CityBernardo Silva
70%
Bundesliga97CAMBayern MunichJamal Musiala
70%
Bundesliga96CDMBayern MunichJoshua Kimmich
70%
Community93LMBayern MunichKingsley Coman
70%
LaLiga95CMBarcelonaPedri
70%
Bundesliga95CFRB LeipzigChristopher Nkunku
68%
Premier League92CMArsenalMartin Ødegaard
68%
Bundesliga92LBBayern MunichAlphonso Davies
67%
Community89CDMWest Ham UnitedDeclan Rice
67%
Bundesliga96CBBayern MunichMatthijs De Ligt
67%
Community91CBManchester CityNathan Aké
67%
Bundesliga92GKBorussia DortmundGregor Kobel
66%
Bundesliga91LMBayern MunichLeroy Sané
66%
Serie A97LWAC MilanRafael Leão
65%
Premier League93LWArsenalGabriel Martinelli
64%
Premier League92RBNewcastle UnitedKieran Trippier
64%
Premier League92CBArsenalWilliam Saliba
64%
Ligue 195STOlympique LyonnaisAlexandre Lacazette
62%
Serie A95STInter MilanLautaro Martínez
62%
LaLiga93LBBarcelonaAlejandro Balde
61%
Ligue 195CBParis Saint-GermainMarquinhos
61%
Premier League92LBArsenalOleksandr Zinchenko
61%
Serie A94LBAC MilanTheo Hernández
61%
Bundesliga92RWBBayer LeverkusenJeremie Frimpong
59%
Community88STAtlético MadridÁlvaro Morata
58%
LaLiga93CBBarcelonaJules Koundé
58%
Ligue 194CMParis Saint-GermainMarco Verratti
57%
Bundesliga94RWBayer LeverkusenMoussa Diaby
57%
Bundesliga92STEintracht FrankfurtRandal Kolo Muani
57%
Serie A97STNapoliVictor Osimhen
57%
Premier League93CMNewcastle UnitedBruno Guimarães
56%
Serie A95CFAS RomaPaulo Dybala
56%
Serie A93CBJuventusBremer
55%
Community95STMarseilleAlexis Sánchez
54%
Premier League Craft to Glory OBJ92LWBrighton & Hove AlbionKaoru Mitoma
54%
Bundesliga92STWerder BremenNiclas Füllkrug
54%
Eredivisie92CFAjaxDušan Tadić
53%
LaLiga93CMReal MadridFederico Valverde
53%
Ligue 194STLille OSCJonathan David
53%
Saudi Pro League93CAMAl-NassrAnderson Talisca
52%
Bundesliga93CMBorussia DortmundJulian Brandt
52%
Bundesliga90CBBorussia DortmundNico Schlotterbeck
52%
Ligue 193RWBMarseilleJonathan Clauss
51%
Serie A95CMInter MilanNicolò Barella
51%
Community90RBGlasgow RangersJames Tavernier
49%
Premier League OBJ89STAston VillaOllie Watkins
49%
Community OBJ89CMNewcastle UnitedJoelinton
48%
Community89CMOGC NiceKhéphren Thuram
48%
Serie A92CMAC MilanSandro Tonali
48%
Ligue 193LWBParis Saint-GermainNuno Mendes
47%
Community92CMAC MilanIsmaël Bennacer
46%
Serie A96LWNapoliKhvicha Kvaratskhelia
46%
LaLiga93CMReal SociedadMikel Merino
46%
Eredivisie93CAMPSV EindhovenXavi Simons
46%
Community89CBJuventusDanilo
45%
Premier League Flashback SBC92CBManchester CityAymeric Laporte
44%
Serie A92RBNapoliGiovanni Di Lorenzo
44%
Serie A94CMJuventusAdrien Rabiot
43%
Premier League Flashback SBC92CAMChelseaKai Havertz
43%
LaLiga92RBAtlético MadridNahuel Molina
43%
Ligue 193GKRC LensBrice Samba
42%
Ligue 1 Flashback SBC91CBParis Saint-GermainPresnel Kimpembe
40%
Serie A94CBAS RomaChris Smalling
38%
Serie A93GKJuventusWojciech Szczęsny
38%
LaLiga Flashback OBJ91LMAtlético MadridYannick Carrasco
38%
LaLiga92CMCelta VigoGabri Veiga
37%
Bundesliga SBC91LBBorussia DortmundRaphaël Guerreiro
37%
Ligue 192CMRC LensSeko Fofana
37%
Eredivisie91LWAjaxSteven Bergwijn
37%
Liga Portugal91STBenficaGonçalo Ramos
36%
Bundesliga90CAMBorussia MonchengladbachJonas Hofmann
36%
LaLiga OBJ90RMRayo VallecanoIsi Palazón
35%
Premier League Craft to Glory OBJ91CDMFulhamJoão Palhinha
34%
Bundesliga SBC92LMSC FreiburgVincenzo Grifo
34%
MLS92RWLos Angeles FCCarlos Vela
32%
Ligue 191CBOGC NiceJean-Clair Todibo
32%
Ligue 194STAS MonacoWissam Ben Yedder
32%
Ligue 194CBRC LensFacundo Medina
31%
MLS94CFNashville SCHany Mukhtar
31%
LaLiga OBJ90CBVillarrealPau Torres
31%
LaLiga90CBOsasunaDavid García
30%
EFL92STWatfordJoão Pedro
30%
Ligue 1 FUT Champs OBJ90STRC LensLoïs Openda
30%
Ligue 190CDMLille OSCBenjamin André
29%
LaLiga OBJ91LBValenciaJosé Gayà
29%
Liga Portugal89GKFC PortoDiogo Costa
28%
Liga Portugal93STFC PortoMehdi Taremi
28%
Süper Lig92STGalatasarayMauro Icardi
27%
Ligue 191CAMLille OSCRémy Cabella
27%
Eredivisie90RWAjaxMohammed Kudus
26%
Liga Portugal94LWSporting LisbonPedro Gonçalves
26%
Liga Portugal92LBBenficaÁlex Grimaldo
25%
EFL94CAMMiddlesbroughChuba Akpom
25%
Ligue 1 Flashback SBC92CMOlympique LyonnaisHoussem Aouar
25%
Rest of the World95RWCelticJota
24%
Eredivisie89CMFeyenoordOrkun Kökçü
23%
Serie A SBC92CMLazioSergej Milinković-Savić
23%
Ligue 1 OBJ91RBStade RennaisHamari Traoré
22%
Eredivisie88CMPSV EindhovenJoey Veerman
22%
EFL94CAMBurnleyJosh Brownhill
22%
Eredivisie91CBFeyenoordLutsharel Geertruida
22%
Liga Portugal91CBBenficaNicolás Otamendi
21%
MLS93CAMAtlanta UnitedThiago Almada
21%
Eredivisie90STAZ AlkmaarVangelis Pavlidis
20%
Community Flashback SBC90LWUdineseGerard Deulofeu
19%
EFL92RMBurnleyNathan Tella
19%
Serie A SBC91CDMNapoliStanislav Lobotka
19%
Ligue 1 FUT Champs OBJ90CBMarseilleChancel Mbemba
18%
Bundesliga OBJ90CBUnion BerlinDanilho Doekhi
18%
Saudi Pro League91CFAl-IttihadRomarinho
18%
Eredivisie OBJ88CBFeyenoordDávid Hancko
16%
Süper Lig91CAMGalatasarayDries Mertens
16%
Saudi Pro League OBJ90CDMAl-NassrLuiz Gustavo
15%
Liga Portugal OBJ90RMFC PortoOtávio
15%
Liga Portugal92RMBenficaJoão Mário
14%
Saudi Pro League90STAl-HilalOdion Ighalo
14%
Serie A90RWLecceGabriel Strefezza
13%
Serie A OBJ91CBLazioAlessandro Romagnoli
12%
MLS88GKPhiladelphia UnionAndre Blake
12%
Süper Lig93STFenerbahçeEnner Valencia
12%
Liga Portugal90CAMSC BragaRicardo Horta
12%
Community SBC90RMVillarrealSamuel Chukwueze
12%
Saudi Pro League SBC90CMAl-TaawounAlejandro Romero
11%
EFL90LBMIddlesbroughRyan Giles
11%
MLS90LBPhiladelphia UnionKai Wagner
10%
Community Silver Stars OBJ74STAntalyasporHaji Wright
9%
Rest of the World OBJ91STWrexhamPaul Mullin
9%
Süper Lig90CMAdana DemirsporBadou Ndiaye
8%
EFL Silver Star OBJ74CAMSheffield UnitedIliman Ndiaye
8%
Serie A OBJ90LWUS SassuoloArmand Laurienté
7%
Rest of the World92LMAdelaide UnitedCraig Goodwin
7%
Saudi Pro League88CBAl-IttihadAhmed Hegazi
6%
EFL Young Player of the Season Player Pick SBC90CAMBristol CityAlex Scott
6%
Süper Lig92LWFatih KaragümrükFabio Borini
6%
MLS90STFC DallasJesus Ferreira
6%
EFL89STPeterboroughJonson Clarke-Harris
6%
Süper Lig OBJ90RMBeşiktaşNathan Redmond
6%
MLS91CAMAustin FCSebastián Driussi
6%
Rest of the World94LWWuhan Three TownsDavidson
5%
Rest of the World SBC88LBAl AinErik
4%
Rest of the World90STFC MetzGeorges Mikautadze
4%
Eredivisie Silver Stars OBJ74RWBHeerenveenMilan van Ewijk
4%
Süper Lig SBC90CMGalatasaraySérgio Oliveira
4%
EFL91STCoventry CityViktor Gyökeres
4%
EFL89CBSheffield UnitedAnel Ahmedhodžić
3%
EFL90CMSheffield WednesdayBary Bannan
3%
Rest of the World91RBKRC GenkDaniel Muñoz
3%
Süper Lig89RBFenerbahçeFerdi Kadioglu
3%
Rest of the World90GKPanathinaikosAlberto Brignoli
2%
Rest of the World93LWFK Bodø/GlimtAmahl Pellegrini
2%
EFL Young Player of the Season Player Pick SBC90LBPlymouth ArgyleBali Mumba
2%
EFL Young Player of the Season Player Pick SBC90RMColchester UnitedJunior Tchamadeu
2%
Saudi Pro League89RWAl RaedMohammed Fouzair
2%
Rest of the World91CMFC CopenhagenViktor Claesson
2%
Rest of the World90CBRaków CzęstochowaZoran Arsenić
2%
Süper Lig88CBGalatasarayAbdülkerim Bardakcı
1%
Rest of the World88CMDynamo DresdenAhmet Arslan
1%
Rest of the World89CDMFCV Farul ConstanțaAndrei Artean
1%
EFL88CBStevenageCarl Piergianni
1%
Rest of the World89CBFrosinone CalcioFabio Lucioni
1%
MLS Silver Stars OBJ74CDMLos Angeles FCJosé Cifuentes
1%
EFL91GKLeyton OrientLawrence Vigouroux
1%
Saudi Pro League88GKAl-IttihadMarcelo Grohe
1%
Saudi Pro League Silver Stars OBJ74LBAl-ShababMuteb Al Harbi
1%
Saudi Pro League89CBAl-ShababHassal Al-Tambakti
0%
MLS89CBPhiladelphia UnionJakob Glesnes
0%
Süper Lig89GKBeşiktaşMert Günok
0%
Liga Portugal Silver Stars OBJ74CBBenficaMorato
0%
EFL88LMNorthampton TownSam Hoskins
0%

Score Distribution

Percentile by Number Answered

Percent of People with Each Score

Your Score History

You have not taken this quiz since the last reset